Statystyki dla Drużyny w I Lidze 2023/24

Kliknij tutaj aby rozwiązać quiz!

Ogólne statystyki

  • Ten quiz został rozwiązany 14 razy
  • Średni wynik to 16 z 18

Statystyki odpowiedzi

HintOdpowiedź% Poprawnych
3.Motor Lublin
100%
17.Stal Rzeszów
100%
12.Wisła Płock
100%
16.GKS Katowice
92%
10.GKS Tychy
92%
6.Lechia Gdańsk
92%
9.Polonia Warszawa
92%
14.Resovia
92%
8.Wisła Kraków
92%
1.Arka Gdynia
83%
5.Chrobry Głogów
83%
7.Górnik Łęczna
83%
15.Miedź Legnica
83%
18.Odra Opole
83%
4.Zagłębie Sosnowiec
83%
11.Podbeskidzie Bielsko Biała
75%
13.Znicz Pruszków
75%
2.Termalica Bruk-Bet Nieciecza
50%

Rozkład punktacji

Percentyl według liczby udzielonych odpowiedzi

Procent ludzi z każdym wynikiem

Twoja historia wyników

Nie rozwiązałeś tego quizu